000 00894nam a2200253Ia 4500
003 OSt
005 20220926010332.0
006 a|||||r|||| 00| 0
007 ta
008 220923b |||||||| |||| 00| 0 eng d
020 _a9788130908960
_c420.75
037 _bINDXL/RTL/101/1011, 29/11/2010, Index International
_cGeneral Book
040 _aRTL
_cRTL
_beng
041 _2eng
_aeng
082 _aX9(J):(U287), Q0
100 _aCLINE William R
_9234809
245 0 _aGlobal warming and agriculture
_b Impact estimates by country
260 _a New Delhi
_bViva Books
_c2010
300 _axv, 186p
_ccm.
490 _aCentre for Global Development Peterson Institute for International Economics
650 _aEconomics
942 _hX9(J):(U287), Q0
_cGB
_2CC
999 _c616999
_d616999